| 000 | 00884nam a22002535a 4500 | ||
|---|---|---|---|
| 003 | OSt | ||
| 005 | 20160908095028.0 | ||
| 008 | 160907s2012 ua frb 000 0 ara d | ||
| 015 | _a2011/117935 | ||
| 020 | _a9771027417 | ||
| 040 |
_aEG-ScBUE _bara _cEG-ScBUE |
||
| 043 | _af-ua--- | ||
| 082 | 0 | 4 |
_a347.62077 _bأ ب و _222 |
| 100 | 1 |
_aأبو الوفا، أحمد. _941066 |
|
| 245 | 1 | 0 |
_aنظرية الأحكام في قانون المرافعات / _cأحمد أبو الوفا. |
| 260 |
_aالقاهرة : _bدار الفكر العربي، _c2012. |
||
| 300 |
_a731 ص. ؛ _c24 سم. |
||
| 504 | _aيشتمل على إرجاعات ببليوجرافية. | ||
| 650 | 7 |
_aالأحكام (قانون مرافعات) _zمصر. _2BUEsh _941069 |
|
| 650 | 7 |
_aتنفيذ الأحكام _zمصر. _2BUEsh _941070 |
|
| 651 | _2BUEsh | ||
| 653 |
_bLLAAWW _cSeptember2016 |
||
| 942 | _2ddc | ||
| 999 |
_c22335 _d22307 |
||